Central Library OPAC University of Rajshahi

Selected poems and letters of John Keats / (Record no. 18193)

MARC details
000 -LEADER
fixed length control field 00904cam a22002771 4500
001 - CONTROL NUMBER
control field 18193
003 - CONTROL NUMBER IDENTIFIER
rucl marc code BD-RjUL
005 - DATE AND TIME OF LATEST TRANSACTION
control field 20211209000241.0
008 - FIXED-LENGTH DATA ELEMENTS--GENERAL INFORMATION
fixed length control field 140219s1966 enkc b 000 0aeng d
035 ## - SYSTEM CONTROL NUMBER
System control number (BD-RjUL)18251
040 ## - CATALOGING SOURCE
Original cataloging agency DLC
Transcribing agency DLC
Modifying agency DLC
-- BD-RjUL
Language of cataloging eng
041 ## - LANGUAGE CODE
Language code of text/sound track or separate title eng
082 00 - DEWEY DECIMAL CLASSIFICATION NUMBER
Classification number 828.709
Author mark and year KES 1966
100 1# - MAIN ENTRY--PERSONAL NAME
Personal name Keats, John,
Dates associated with a name 1795-1821.
9 (RLIN) 56012
245 00 - TITLE STATEMENT
Title Selected poems and letters of John Keats /
Statement of responsibility, etc. edited with an introduction and commentary by Robert Gittings.
260 ## - PUBLICATION, DISTRIBUTION, ETC. (IMPRINT)
Place of publication, distribution, etc. London :
Name of publisher, distributor, etc. Heinemann,
Date of publication, distribution, etc. c1966.
300 ## - PHYSICAL DESCRIPTION
Pagination viii, 199 p.
Illustrations front. (port.).
Size 19 cm.
504 ## - BIBLIOGRAPHY, ETC. NOTE
Bibliography, etc Bibliography: p. 22.
600 10 - SUBJECT ADDED ENTRY--PERSONAL NAME
Personal name Keats, John,
Dates associated with a name 1795-1821
General subdivision Correspondence.
650 #0 - SUBJECT ADDED ENTRY--TOPICAL TERM
Topical term or geographic name as entry element Poets, English
Chronological subdivision 19th century
General subdivision Correspondence.
9 (RLIN) 56014
700 1# - ADDED ENTRY--PERSONAL NAME
Personal name Gittings, Robert,
Relator term ed.
942 ## - ADDED ENTRY ELEMENTS (KOHA)
Source of classification or shelving scheme Dewey Decimal Classification
Koha item type Books
Holdings
Lost status Source of classification or shelving scheme Damaged status Not for loan Collection code Permanent Location Current Location Shelving location Date acquired Source of acquisition Cost, normal purchase price Total Checkouts Full call number Date last seen Copy number Koha item type
  Dewey Decimal Classification   Not For Loan Fiction Central Library, University of Rajshahi Central Library, University of Rajshahi Reading Room 28/02/1973 blackwell 0.53   828.709 KES 1966 19/02/2014 C-1 Books